LEADER 01535nam2-2200481---450- 001 990005776140203316 005 20130117094043.0 035 $a000577614 035 $aUSA01000577614 035 $a(ALEPH)000577614USA01 035 $a000577614 100 $a20121106d1959----km-y0itay50------ba 101 $alat$agrc 102 $aBE 102 $aFR 105 $a||||||||001yy 200 1 $a<<2:>> Enneades IV-V$fediderunt Paul Henry et Hans-Rudolf Schwyzer 210 $aParis$cDesclée de Brouwer$aBruxelles$cL'édition universelle$d1959 215 $aLIII, 501 p.$d25 cm 225 2 $aMuseum Lessianum$iSection philosophique$v34 410 0$12001$aMuseum Lessianum$iSection philosophique$v34 461 1$1001000577611$12001$aPlotini opera 500 11$aEnneades$912802 676 $a186.4 700 1$aPLOTINUS$0198801 702 1$aHENRY,$bPaul 702 1$aSCHWYZER,$bHans-Rudolf 801 0$aIT$bsalbc$gISBD 912 $a990005776140203316 951 $aXV.8. 116 2$b222017 L.M.$cXV.8. 951 $aV.3.E. 32/2(VIII A 676/34)$b67490 L.M.$cVIII A 959 $aBK 969 $aFSO 969 $aUMA 979 $aIANNONE$b90$c20121106$lUSA01$h1024 979 $aIANNONE$b90$c20121106$lUSA01$h1025 979 $aIANNONE$b90$c20121106$lUSA01$h1036 979 $aIANNONE$b90$c20121106$lUSA01$h1036 979 $aIANNONE$b90$c20121120$lUSA01$h0958 979 $aIANNONE$b90$c20121120$lUSA01$h1030 979 $aIANNONE$b90$c20130117$lUSA01$h0940 996 $aEnneades$912802 997 $aUNISA LEADER 01273nam 2200421 450 001 9910480428103321 005 20210116084401.0 010 $a1-925835-75-8 035 $a(CKB)4100000011378556 035 $a(MiAaPQ)EBC6284578 035 $a(MiAaPQ)EBC6320012 035 $a(EXLCZ)994100000011378556 100 $a20210116d2020 uy 0 101 0 $aeng 135 $aurcnu|||||||| 181 $ctxt$2rdacontent 182 $cc$2rdamedia 183 $acr$2rdacarrier 200 14$aThe fatal lure of politics $ethe life and thought of Vere Gordon Childe /$fTerry Irving 210 1$aClayton, Victoria :$cMonash University Publishing,$d[2020] 210 4$d©2020 215 $a1 online resource (xxiv, 418 pages) $cillustrations 225 1 $aBiography 311 $a1-925835-74-X 320 $aIncludes bibliographical references and index. 410 0$aBiography (Monash University Publishing) 606 $aArchaeologists$vBiography 608 $aElectronic books. 615 0$aArchaeologists 676 $a930.10922 700 $aIrving$b Terry$0986128 801 0$bMiAaPQ 801 1$bMiAaPQ 801 2$bMiAaPQ 906 $aBOOK 912 $a9910480428103321 996 $aThe fatal lure of politics$92253976 997 $aUNINA LEADER 04575 am 22008173u 450 001 996210412403316 005 20210121133957.0 035 $a(CKB)2670000000395142 035 $a(MARCnow)har130358018 035 $a(MH)013783118-8 035 $a(SSID)ssj0000985882 035 $a(PQKBManifestationID)11589697 035 $a(PQKBTitleCode)TC0000985882 035 $a(PQKBWorkID)10932980 035 $a(PQKB)11076928 035 $a(WaSeSS)Ind00074414 035 $a(EXLCZ)992670000000395142 100 $a20131012d2013 uy 0 101 0 $aeng 135 $aurm|#|||||||| 181 $ctxt$2rdacontent 182 $cc$2rdamedia 183 $acr$2rdacarrier 200 00$aEurope $espace for transcultural existence? /$fedited by Martin Tamcke, Janny de Jong, Lars Klein, Margriet van der Waal 210 1$aGöttingen :$cUniversitätsverlag,$d2013. 215 $a1 online resource (291 pages) $cillustrations 225 1 $aStudies in Euroculture ;$vVolume 1 300 $aPapers presented at two international conferences held from June 18-19, 2010, Groningen, Netherlands and June, 24-25, 2011, Göttingen, Germany. 320 $aIncludes bibliographical references. 330 $aEurope - Space for Transcultural Existence? is the first volume of the new series, Studies in Euroculture, published by Göttingen University Press. The series derives its name from the Erasmus Mundus Master of Excellence Euroculture: Europe in the Wider World, a two year programme offered by a consortium of eight European universities in collaboration with four partner universities outside Europe. This master highlights regional, national and supranational dimensions of the European democratic development; mobility, migration and inter-, multi- and transculturality. The impact of culture is understood as an element of political and social development within Europe. The articles published here explore the field of Euroculture in its different elements: it includes topics such as cosmopolitanism, cultural memory and traumatic past(s), colonial heritage, democratization and Europeanization as well as the concept of (European) identity in various disciplinary contexts such as law and the social sciences. In which way have Europeanization and Globalization influenced life in Europe more specifically? To what extent have people in Europe turned ?transcultural?? The ?trans? is understood as indicator of an overlapping mix of cultures that does not allow for the construction of sharp differentiations. It is explored in topics such as (im)migration and integration, as well as cultural products and lifestyle. The present economic crisis and debt crisis have led, as side-result, to a public attack on the open, cosmopolitan outlook of Europe. The values of the multicultural and civil society and the idea of a people?s Europe have become debatable. This volume offers food for thought and critical reflection. 410 0$aStudies in Euroculture ;$vv. 1. 606 $aGroup identity$zEurope$vCongresses 606 $aNational characteristics, European$vCongresses 606 $aMulticulturalism$zEurope$vCongresses 606 $aCultural pluralism$zEurope$vCongresses 606 $aPostcolonialism$zEurope$vCongresses 606 $aMulticulturalism$zEurope$vCongresses 606 $aSociology & Social History$2HILCC 606 $aSocial Sciences$2HILCC 606 $aSocial Change$2HILCC 607 $aEurope$xCultural policy$vCongresses 607 $aEurope$xCivilization$vCongresses 607 $aEurope$xEthnic relations$vCongresses 608 $aConference proceedings.$2fast 608 $bElectronic books. 615 0$aGroup identity 615 0$aNational characteristics, European 615 0$aMulticulturalism 615 0$aCultural pluralism 615 0$aPostcolonialism 615 0$aMulticulturalism 615 7$aSociology & Social History 615 7$aSocial Sciences 615 7$aSocial Change 701 $aTamcke$b Martin$f1955-$0800909 701 $aAltuna-García de Salazar$b Asier$0927223 702 $aTamcke$b Martin$f1955- 702 $aJong$b Janny de$cDr., 702 $aKlein$b Lars 702 $aWaal$b Margriet van der$f1976- 702 $aTamcke$b Martin$f1955- 702 $aJong$b Janny de$cDr., 702 $aKlein$b Lars 702 $aWaal$b Margriet van der$f1976- 801 0$bNyNyMAR 801 1$bNyNyMAR 801 2$bUkMaJRU 906 $aBOOK 912 $a996210412403316 996 $aEurope$92083340 997 $aUNISA